| 000 | 00942nam a2200277 a 4500 | ||
|---|---|---|---|
| 001 | 2980442 | ||
| 003 | OSt | ||
| 005 | 20250407114859.0 | ||
| 008 | 920116s1993 wiua b 001 0 eng | ||
| 010 | _a 92070087 | ||
| 020 | _a0697129829 | ||
| 040 |
_aDLC _cDLC |
||
| 043 | _an-us--- | ||
| 050 | 0 | 0 |
_aK487.P75 _bF65 1993 |
| 082 | 0 | 0 |
_a340/.01/9 _220 |
| 100 | 1 | _aFoley, Linda Anderson. | |
| 245 | 1 | 2 |
_aA psychological view of the legal system / _cLinda Anderson Foley. |
| 260 |
_aMadison, Wis. : _bWCB Brown & Benchmark Publishers, _cc1993. |
||
| 300 |
_axi, 384 p. : _bill. ; _c24 cm. |
||
| 504 | _aIncludes bibliographical references (p. 351-373) and index. | ||
| 650 | 0 |
_aLaw _xPsychological aspects. |
|
| 650 | 0 |
_aLaw _zUnited States _xPsychological aspects. |
|
| 906 |
_a7 _bcbc _corignew _d2 _eopcn _f19 _gy-gencatlg |
||
| 942 |
_2lcc _cBK _n0 |
||
| 999 |
_c5378 _d5378 |
||